LEADER 02019nam2 22003613i 450 001 SUN0069231 005 20140707124748.730 010 $a978-88-13-28245-5$d0.00 100 $a20090427d2008 |0itac50 ba 101 $aita 102 $aIT 105 $a|||| ||||| 200 1 $aˆ7: I ‰contratti della pubblica amministrazione$fSalvatore Buscema, Angelo Buscema 205 $a3. ed.$fa cura di Angelo Buscema$gha collaborato a questa edizione la dott.ssa Raffaella Raffaele 210 $aPadova$cCEDAM$d2008 215 $aXVI, 959 p.$d24 cm. - volume presente anche nel Fondo SSPL. 461 1$1001SUN0004128$12001 $aTrattato di diritto amministrativo$fdiretto dal prof. Giuseppe Santaniello$v7$1210 $aPadova$cCEDAM$1215 $avolumi$d25 cm. 606 $aContratti$xpubblica amministrazione$2FI$3SUNC026200 620 $dPadova$3SUNL000007 700 1$aBuscema$b, Salvatore$3SUNV001027$036158 701 1$aBuscema$b, Angelo$3SUNV001028$0133047 702 1$aRaffaele$b, Raffaella$3SUNV054660 712 $aCEDAM$3SUNV005537$4650 801 $aIT$bSOL$c20181109$gRICA 912 $aSUN0069231 950 $aUFFICIO DI BIBLIOTECA DEL DIPARTIMENTO DI ECONOMIA$d03 CONS IVXB1(7) $e03 32180 7 950 $aUFFICIO DI BIBLIOTECA DEL DIPARTIMENTO DI GIURISPRUDENZA$d00 CONS IV.D.3 (7) $e00 BFG1061 950 $aUFFICIO DI BIBLIOTECA DEL DIPARTIMENTO DI GIURISPRUDENZA$d00 CONS SSPL.176 (7) $e00 SPL478 995 $aUFFICIO DI BIBLIOTECA DEL DIPARTIMENTO DI ECONOMIA$bIT-CE0106$h32180$kCONS IVXB1(7) 7$oc$qa 995 $aUFFICIO DI BIBLIOTECA DEL DIPARTIMENTO DI GIURISPRUDENZA$gBFG$h1061$kCONS IV.D.3 (7)$op$qa 995 $aUFFICIO DI BIBLIOTECA DEL DIPARTIMENTO DI GIURISPRUDENZA$gSPL$h478$kCONS SSPL.176 (7)$op$qa 996 $aContratti della pubblica amministrazione$9623844 997 $aUNICAMPANIA LEADER 01712nas 2200493-a 450 001 9910890904403321 005 20260218113046.0 035 $a(DE-599)ZDB2842738-5 035 $a(CKB)110992357327846 035 $a(CONSER)sc-86007123- 035 $a(DE-599)2842738-5 035 $a(EXLCZ)99110992357327846 100 $a20770203b19761989 --- a 101 0 $aeng 181 $ctxt$2rdacontent 182 $cc$2rdamedia 183 $acr$2rdacarrier 200 00$aIndian journal of textile research 210 $aNew Delhi $cCouncil of Scientific & Industrial Research$d[©1976]-©1989 215 $a1 online resource 300 $aTitle from cover. 311 08$aPrint version: Indian journal of textile research. 0377-8436 (DLC)sc 86007123 (OCoLC)2717893 531 0 $aIndian j. text. res. 606 $aTextile fibers$vPeriodicals 606 $aTextile fabrics$vPeriodicals 606 $aTextile research$zIndia$vPeriodicals 606 $aTextile fabrics$2fast$3(OCoLC)fst01148636 606 $aTextile fibers$2fast$3(OCoLC)fst01148791 606 $aTextile research$2fast$3(OCoLC)fst01148949 607 $aIndia$2fast 608 $aPeriodicals.$2fast 615 0$aTextile fibers 615 0$aTextile fabrics 615 0$aTextile research 615 7$aTextile fabrics. 615 7$aTextile fibers. 615 7$aTextile research. 712 02$aCouncil of Scientific & Industrial Research (India) 712 02$aCouncil of Scientific & Industrial Research (India).$bPublications & Information Directorate. 906 $aJOURNAL 912 $a9910890904403321 920 $aexl_impl conversion 996 $aIndian journal of textile research$94233646 997 $aUNINA